Countries with the Most Inhabited Islands - Statistics

General Stats
  • This quiz has been taken 102 times
  • The average score is 12 of 16
Answer Stats
No. of inhabited islands Countries % Correct
~6,000 Indonesia
96%
430 Japan
93%
~2,000 Norway
92%
984 Sweden
89%
780 Finland
88%
~2,000 Philippines
88%
227 Greece
85%
697 China
84%
70 Denmark
78%
47 India
72%
65 F.S. Micronesia
69%
21 Kiribati
60%
2,324 Chile
56%
24 Marshall Islands
52%
48 Croatia
37%
22 Estonia
22%
No matching quizzes found
Score Distribution
Percent of People with Each Score
Percentile by Number Answered
Your Score History
You have not taken this quiz